00834nam a2200169 a 4500008004100000050002300041100002000064245016300084260003900247300003300286650006100319650003800380650002500418995008000443999001700523952012400540220224s2018 ||||||||||||||||| || u aCBU- PG THESIS/LUB aLubasi, Ilukena14aThe benefits and challenges of the Integrated Financial Management Information System in Government: A case study of Coppererbelt Provincec By Ilukena Lubasi aKitwebCopperbelt Universityc2018 axi, 68 pages : illustrations aFINANCIAL MANAGEMENT IN GOVERNMENT - COPPERBELT PROVINCE aINFORMATION SYSTEM IN GOVERNMENT  aFINANCIAL MANAGEMENT FCBU-MAIN LIBRARY (Kitwe)M1UAVAILABLEWOct 27, 2022ZUniversity Collection c35729d35729 00102lcc4070a001b001cUniversity Collectiond2022-11-30l0oCBU- PG THESIS/LUBpB5073r2022-11-30w2022-11-30y002